Các hệ thống thân tộc và khoa học dân tộc học /

সংরক্ষণ করুন:
গ্রন্থ-পঞ্জীর বিবরন
প্রধান লেখক: Kriukôv, M. V.
বিন্যাস: প্রবন্ধ
ভাষা:Vietnamese
বিষয়গুলি:
ট্যাগগুলো: ট্যাগ যুক্ত করুন
কোনো ট্যাগ নেই, প্রথমজন হিসাবে ট্যাগ করুন!
Thư viện lưu trữ: Thư viện Trường Đại học Đà Lạt
LEADER 00751nam a2200265 4500
001 DLU090066700
005 ##20090420
040 # # |a DLU  |b vie 
041 # # |a vie 
044 # # |a vn 
100 # # |a Kriukôv, M. V. 
245 # # |a Các hệ thống thân tộc và khoa học dân tộc học /  |c M. V. Kriukôv. 
653 # # |a Dân tộc học 
653 # # |a Quan hệ gia đình 
653 # # |a Quan hệ gia tộc 
773 # # |t Dân tộc học  |g Số 4, 1980, tr. 71-86 
920 # # |a Phòng Tạp chí -- Trung tâm Thông tin - Thư viện Trường Đại học Đà Lạt 
994 # # |a DLU 
900 # # |a True 
911 # # |a Đào Thị Thu Huyền 
925 # # |a G 
926 # # |a A 
927 # # |a BB 
980 # # |a Thư viện Trường Đại học Đà Lạt